000 01196nam a2200181Ia 4500
008 151202s9999||||xx |||||||||||||| ||und||
082 _bPNVM-124636
100 _aसाळुंखे आ.ह.
245 _aवादांची वादळे ...भारतीय संस्कृतीमधील विविध मुद्द्यांवर वेगवेगळ्या व्यक्तींशी झालेले वाद 15.
260 _b"लोकायत प्रकाशन,सातारा."
260 _c2010
300 _a232
600 _aसाळुंखे आ.ह.
630 _aवादांची वादळे ...भारतीय संस्कृतीमधील विविध मुद्द्यांवर वेगवेगळ्या व्यक्तींशी झालेले वाद 15.
700 _aसाळुंखे आ.ह.
730 _aवादांची वादळे ...भारतीय संस्कृतीमधील विविध मुद्द्यांवर वेगवेगळ्या व्यक्तींशी झालेले वाद 15.
942 _cBOOK
999 _c1354764
_d1354761